| 000 | 00767nam a2200205Ii 4500 | ||
|---|---|---|---|
| 003 | JO-AjNU | ||
| 008 | 230605s9999||||xx |||||||||||||| ||und|| | ||
| 040 |
_aJO-AjNU _bara _erda _cJO-AjNU |
||
| 041 | _aara | ||
| 050 | 1 | 4 | _aBP128.J12682 1983 |
| 100 | 3 |
_aتاليف ابن تيمية، شيخ الإسلام؛ تحقيق وتعليق جماعة من العلماء باشراف الناشر, _eauthor _99548 |
|
| 245 | 0 | 0 | _aتفسير سورة النور |
| 250 | _aط1 | ||
| 264 | 3 | 1 | _aبيروت: دار الكتب العلمية، 1983 |
| 300 | _a188ص | ||
| 336 |
_atext _btxt _2rdacontent |
||
| 337 |
_aunmediated _bn _2rdamedia |
||
| 338 |
_avolume _bnc _2rdacarrier |
||
| 650 | 4 |
_aسورة النور - تفسير - القران الكريم - تفسير _99549 |
|
| 999 |
_aA1357 _c4925 _d4925 |
||